[Event "Kesarovski Georgiev Memorial 14th"]
[Site "Sunny Beach"]
[Date "2015.09.05"]
[Round "1"]
[White "Dorobanov, Svetoslav"]
[Black "Filip, Lucian Ioan"]
[Result "0-1"]
[WhiteElo "2270"]
[BlackElo "2444"]
[PlyCount "74"]
[EventDate "2015.09.05"]
[EventType "swiss"]
[EventRounds "9"]
[EventCountry "BUL"]
[SourceTitle "EXT 2016"]
[Source "ChessBase"]
[SourceDate "2015.10.08"]
[SourceVersion "1"]
[SourceVersionDate "2015.10.08"]
[SourceQuality "1"]

1. Nf3 Nf6 2. c4 c5 3. Nc3 e6 4. g3 b6 5. Bg2 Bb7 6. 0-0 d6 7. Re1 Be7 8. e4 a6 9. d4 cxd4 10. Nxd4 Qc7 11. Be3 0-0 12. Rc1 Nbd7 13. f4 Rac8 14. Bf2 Rfe8 15. e5 Bxg2 16. exf6 Ba8 17. fxe7 Qb7 18. Kf1 Qg2+ 19. Ke2 e5 20. Rg1 Qh3 21. Nb3 exf4 22. Nd5 Bxd5 23. Qxd5 Rxe7+ 24. Kd2 Nf6 25. Qf3 Ne4+ 26. Kd1 Qg4 27. Qxg4 Nxf2+ 28. Kd2 Nxg4 29. gxf4 Ne3 30. Rge1 Rce8 31. Kd3 Ng2 32. Rxe7 Rxe7 33. Rf1 Re3+ 34. Kd2 Re4 35. Kd3 f5 36. Nd4 Nxf4+ 37. Kc3 g6 0-1

[Event "USA-chT Amateur East"]
[Site "Parsippany"]
[Date "2012.02.18"]
[Round "1"]
[White "Dorobanov, Svetoslav"]
[Black "Ture, Taner"]
[Result "1-0"]
[WhiteElo "2292"]
[BlackElo "2025"]
[PlyCount "47"]
[EventDate "2012.02.18"]
[EventType "team-swiss"]
[EventRounds "6"]
[EventCountry "USA"]
[SourceTitle "CBM 147 Extra"]
[Source "ChessBase"]
[SourceDate "2012.04.24"]
[SourceVersion "1"]
[SourceVersionDate "2012.04.24"]
[SourceQuality "1"]

1. Nf3 Nf6 2. c4 c5 3. Nc3 Nc6 4. g3 d5 5. d4 cxd4 6. Nxd4 e5 7. Nxc6 bxc6 8. cxd5 cxd5 9. Bg2 Be6 10. Bg5 d4 11. Ne4 Bb4+ 12. Bd2 Rb8 13. Nxf6+ Qxf6 14. Bc6+ Ke7 15. 0-0 Bh3 16. Bg2 Bxg2 17. Kxg2 Qb6 18. Rc1 Rhc8 19. Bxb4+ Qxb4 20. Rxc8 Rxc8 21. Qd3 Qxb2 22. Qe4 Qb5 23. Rb1 Qc6 24. Rb7+ 1-0

[Event "American op 47th"]
[Site "Orange"]
[Date "2011.11.24"]
[Round "2"]
[White "Perepelitsky, Philipp"]
[Black "Dorobanov, Svetoslav"]
[Result "1/2-1/2"]
[WhiteElo "2101"]
[BlackElo "2301"]
[PlyCount "62"]
[EventDate "2011.11.24"]
[EventType "swiss"]
[EventRounds "8"]
[EventCountry "USA"]
[SourceTitle "CBM 145 Extra"]
[Source "ChessBase"]
[SourceDate "2012.01.03"]
[SourceVersion "1"]
[SourceVersionDate "2012.01.03"]
[SourceQuality "1"]

1. d4 d5 2. c4 c6 3. Nf3 Nf6 4. Nc3 a6 5. e3 b5 6. b3 Bg4 7. Be2 Nbd7 8. 0-0 e6 9. h3 Bf5 10. Bb2 Bd6 11. Nh4 0-0 12. Nxf5 exf5 13. Qc2 g6 14. Bf3 Rc8 15. Qd3 dxc4 16. bxc4 Nb6 17. cxb5 axb5 18. a4 Nc4 19. Bc1 Bb4 20. Na2 Be7 21. Rd1 Qd7 22. Qb3 Rb8 23. axb5 cxb5 24. Nb4 Bxb4 25. Qxb4 Nd5 26. Qb3 Rfc8 27. Bd2 Nxd2 28. Rxd2 Nb6 29. Rc2 Rxc2 30. Qxc2 Nc4 31. Be2 Nd6 1/2-1/2

[Event "USA-chT Amateur East"]
[Site "Parsippany"]
[Date "2006.02.18"]
[Round "2"]
[White "Larkins, Larry R"]
[Black "Dorobanov, Svetoslav"]
[Result "0-1"]
[WhiteElo "2202"]
[BlackElo "2301"]
[PlyCount "58"]
[EventDate "2006.02.18"]
[EventType "team"]
[EventRounds "6"]
[EventCountry "USA"]
[SourceTitle "CBM 111 Extra"]
[Source "ChessBase"]
[SourceDate "2006.05.09"]
[SourceVersion "1"]
[SourceVersionDate "2006.05.09"]
[SourceQuality "1"]

1. e4 c6 2. Nc3 d5 3. Nf3 Bg4 4. h3 Bxf3 5. Qxf3 e6 6. Be2 Nd7 7. Qg3 g6 8. exd5 exd5 9. 0-0 Bg7 10. Re1 Ne7 11. Bg4 h5 12. Bf3 0-0 13. d3 Nf5 14. Qh2 Qb6 15. g4 Nd4 16. Bd1 Rae8 17. Bd2 Rxe1+ 18. Bxe1 Be5 19. Qg2 hxg4 20. Qxg4 Ne6 21. Rb1 Kg7 22. Ne2 Nf6 23. Qg2 Rh8 24. Bd2 Nh5 25. Qf3 Qd8 26. Qg4 Qf6 27. Kg2 Nhf4+ 28. Nxf4 Bxf4 29. Be1 Rh4 0-1

[Event "World op 25th"]
[Site "Philadelphia"]
[Date "1997.??.??"]
[Round "4"]
[White "Dorobanov, Svetoslav"]
[Black "Lein, Anatoly"]
[Result "1/2-1/2"]
[WhiteElo "2360"]
[BlackElo "2450"]
[PlyCount "51"]
[EventDate "1997.06.28"]
[EventType "swiss"]
[EventRounds "9"]
[EventCountry "USA"]
[SourceTitle "EXT 2000"]
[Source "ChessBase"]
[SourceDate "1999.11.16"]
[SourceVersion "1"]
[SourceVersionDate "1999.11.16"]
[SourceQuality "1"]

1. c4 e5 2. Nc3 Nf6 3. Nf3 Nc6 4. e3 d6 5. d4 Be7 6. d5 Nb8 7. e4 0-0 8. Be2 Nbd7 9. 0-0 Ne8 10. Be3 g6 11. Qc1 Ng7 12. Ne1 f5 13. exf5 Nxf5 14. Bd2 Nf6 15. Bd3 Nd4 16. Nc2 Nxc2 17. Qxc2 Nh5 18. Ne2 Rf7 19. f4 exf4 20. Nxf4 Nxf4 21. Bxf4 Bf8 22. Bd2 Rxf1+ 23. Rxf1 Qe8 24. Qc3 Bd7 25. Re1 Qf7 26. Rf1 1/2-1/2

[Event "New York op"]
[Site "New York"]
[Date "1997.??.??"]
[Round "3"]
[White "Dorobanov, Svetoslav"]
[Black "Vaganian, Rafael A"]
[Result "0-1"]
[WhiteElo "2365"]
[BlackElo "2580"]
[PlyCount "62"]
[EventDate "1997.04.02"]
[EventType "swiss"]
[EventRounds "9"]
[EventCountry "USA"]
[SourceTitle "EXT 2001"]
[Source "ChessBase"]
[SourceDate "2000.11.22"]
[SourceVersion "1"]
[SourceVersionDate "2000.11.22"]
[SourceQuality "1"]

1. c4 e6 2. Nc3 d5 3. d4 Be7 4. cxd5 exd5 5. Bf4 c6 6. Qc2 Bd6 7. Bxd6 Qxd6 8. e3 Nf6 9. Bd3 0-0 10. Nf3 Nbd7 11. 0-0 Re8 12. Rab1 a5 13. a3 Nf8 14. Rfc1 Ng6 15. h3 Qe7 16. b4 Ne4 17. b5 Ng5 18. Nh2 Nh4 19. bxc6 bxc6 20. Na4 Nxh3+ 21. gxh3 Qg5+ 22. Kf1 Qg2+ 23. Ke2 Qxh2 24. Nb6 Rb8 25. Nxc8 Rbxc8 26. Bxh7+ Kh8 27. Bf5 Rc7 28. Bg4 f5 29. Bh5 g6 30. Rh1 Qd6 31. Bf3 Qf4 0-1

[Event "Atlantic op"]
[Site "Washington DC"]
[Date "1997.??.??"]
[Round "3"]
[White "French, George"]
[Black "Dorobanov, Svetoslav"]
[Result "1-0"]
[WhiteElo "2185"]
[BlackElo "2360"]
[PlyCount "47"]
[EventDate "1997.08.??"]
[EventType "swiss"]
[EventRounds "5"]
[EventCountry "USA"]
[SourceTitle "EXT 1998"]
[Source "ChessBase"]
[SourceDate "1997.11.17"]
[SourceVersion "1"]
[SourceVersionDate "1997.11.17"]
[SourceQuality "1"]

1. e4 c5 2. Nf3 e6 3. d4 cxd4 4. Nxd4 Nf6 5. Nc3 Nc6 6. Be3 Bb4 7. Nxc6 bxc6 8. Bd3 d5 9. exd5 Nxd5 10. Qg4 0-0 11. Bg5 Qa5 12. 0-0 f5 13. Qh5 Nxc3 14. bxc3 Bxc3 15. Rad1 Qxa2 16. Be7 g6 17. Qf3 Qd5 18. Be4 Qxe4 19. Qxc3 Ba6 20. Bxf8 Rxf8 21. Rd7 Rf7 22. Rd8+ Rf8 23. Rxf8+ Kxf8 24. Qf6+ 1-0